[Event "Titled Tuesday intern op 13th Feb Late"]
[Site "Chess.com INT"]
[Date "2024.02.13"]
[Round "11"]
[White "Wang, Alexander J"]
[Black "Narva, Triin"]
[Result "0-1"]
[WhiteElo "1851"]
[BlackElo "2095"]
[PlyCount "41"]
[EventDate "2024.02.13"]
[EventType "swiss (blitz)"]
[EventRounds "11"]
[EventCountry "USA"]
[SourceTitle "CBM 218 Extra"]
[Source "ChessBase"]
[SourceDate "2024.03.31"]
[SourceVersion "1"]
[SourceVersionDate "2024.03.31"]
[SourceQuality "1"]

1. e4 d5 2. exd5 Qxd5 3. Nc3 Qd6 4. Be2 Nf6 5. Nf3 Nc6 6. d4 Bg4 7. Be3 0-0-0 8. 0-0 a6 9. Qd3 Bxf3 10. Bxf3 Nxd4 11. Bxd4 Qxd4 12. Qf5+ e6 13. Qg5 h6 14. Qg3 Bd6 15. Qh3 g5 16. Rad1 Qf4 17. Ne2 Qe5 18. Ng3 h5 19. Nxh5 Nxh5 20. Bxh5 g4 21. Qg3 0-1